PKO Ekstraklasa 2022/23 - Statystyki

Ogólne statystyki
  • Ten quiz został rozwiązany 2 180 razy
  • Średni wynik to 15 z 18
Statystyki odpowiedzi
Lp. Drużyna % Poprawnych
7 Legia Warszawa
98%
5 Lech Poznań
97%
12 Raków Częstochowa
92%
6 Lechia Gdańsk
91%
10 Pogoń Szczecin
90%
1 Cracovia
87%
3 Jagiellonia Białystok
87%
14 Śląsk Wrocław
87%
16 Widzew Łódź
86%
4 Korona Kielce
83%
2 Górnik Zabrze
81%
15 Warta Poznań
81%
8 Miedź Legnica
80%
17 Wisła Płock
80%
18 Zagłębie Lubin
80%
9 Piast Gliwice
78%
13 Stal Mielec
77%
11 Radomiak Radom
76%
Nie znaleziono quizów pasujących do podanych kryteriów
Rozkład punktacji
Procent ludzi z każdym wynikiem
Percentyl według liczby udzielonych odpowiedzi
Twoja historia wyników
Nie rozwiązałeś tego quizu